=LDR 00000nam 2200000 4500 =001 NUTBA000000000002653 =005 20140624104957.0 =006 =007 =008 =020 ##$$a 978-602-602-98044-2-3 =035 ##$$a 0010-061400000000596 =040 ##$$a NBPDMAT =082 ##$$a 745 =090 ##$$a 745 $b Des c =100 ##$$a Deswinta Sanubari =245 ##$$a Craff business big ideas : $b 99 kreasi kerajinann tangan untuk bisnis dan hobi / $c Deswita Sanubari =250 ##$$a Cet. 1 =260 ##$$a Yogyakarta : $b Mitra Buku, $c 2012 =300 ##$$a ix, 232 hlm. : $b ilus. ; $c 21 cm. =650 ##$$a Kerajinan tangan =990 ##$$a 21402692